LEADER 01385nam2 2200313 i 450 001 SUN0082207 005 20200609105034.579 010 $a04-444-2137-8$d0.00 100 $a20110223d1983 |0engc50 ba 101 $aeng 102 $aNL 105 $a|||| ||||| 200 1 $a2: The *soil orders$fedited by L. P. Wilding, N. E. Smeck and G. F. Hail 210 $aAmsterdam$cElsevier$d1983 215 $aXVI, 410 p.$cill.$d24 cm. 410 1$1001SUN0082205$12001 $aDevelopments in soil science$v11B$1210 $aAmsterdam$cElsevier. 461 1$1001SUN0082206$12001 $a*Pedogenesis and soil taxonomy$fedited by L. P. Wilding, N. E. Smeck and G. F. Hall$v2$1210 $aAmsterdam$c Elsevier$d1983$1215 $a2 volumi$cill.$d25 cm. 620 $dAmsterdam$3SUNL001716 676 $a631.4$cPedologia$v22 702 1$aWilding$b, L. P.$3SUNV068095 702 1$aSmeck$b, N. E.$3SUNV068096 702 1$aHall$b, G. F.$3SUNV068097 712 $aElsevier$3SUNV000127$4650 801 $aIT$bSOL$c20200615$gRICA 856 4 $uhttps://books.google.it/books?id=jp_P2ZzA4hwC&printsec=frontcover&hl=it 912 $aSUN0082207 950 $aUFFICIO DI BIBLIOTECA DEL DIPARTIMENTO DI SCIENZE E TECNOLOGIE AMBIENTALI BIOLOGICHE E FARMACEUTICHE$d17CONS Mb9 $e17FSA756 20110223 996 $aSoil orders$91434858 997 $aUNICAMPANIA LEADER 00791nas a2200253 i 4500 001 991002505579707536 005 20231114120957.0 008 011205m19699999it || | |ita 022 $a0006-2790 035 $ab11669585-39ule_inst 035 $aocm00000009$9ExL 080 $aCDU 8 080 $aCDU 008 229 3$aIl Bimestre 245 03$aIl Bimestre :$bQuaderno bimestrale di cultura. - 1969-1973 260 $aFirenze,$c1969-1973 591 $aCodice CNR: P 00072281 592 $aLE002 1969-1973. 907 $a.b11669585$b21-09-06$c08-07-02 912 $a991002505579707536 945 $aLE002 SP 850$g1$lle002$o-$pE0.00$q-$rn$so $t18$u0$v0$w0$x0$y.i11894751$z08-07-02 996 $aBimestre$9892124 997 $aUNISALENTO 998 $ale002$b01-01-01$cs$da $e-$fita$git $h3$i1